000 00322nam a2200145Ia 4500
008 200615s9999||||xx |||||||||||||| ||und||
020 _a9789350061404
082 _a650
_bSAL-D
100 _aDK,AGARWAL
245 0 _aSALES AND DIDTRIBUTION MANAGEMENT
250 _a5TH
260 _c2016
300 _a290
942 _cBK
999 _c28253
_d28253